Preußische Sprachenpolitik in Schlesien
| Titel: | Preußische Sprachenpolitik in Schlesien |
|---|---|
| Verfasser: | |
| In: |
Kulturraumformung, (2004), Seite 101-109 alle Artikel anzeigen |
| Veröffentlicht: | 2004 |
| Format: | Aufsatz |
| Sprache: | Deutsch |
X
alg: 39253656 001A $01999:11-11-16 001B $01999:17-05-21 $t20:33:54.000 001D $01999:11-11-16 001U $0utf8 001X $00 002@ $0Aox 003@ $0392536560 007A $0392536560 $aHEB 007T $0Herdc0065797m 010@ $ager 011@ $a2004 021A $aPreußische Sprachenpolitik in Schlesien 028A $aLasatowicz $dMaria Katarzyna 031A $h101-109 $j2004 039B $aIn $8--Aaxaf--. Kulturraumformung. - 1. Aufl.. - Berlin : Trafo, 2004. - 241 S.. - Ill., Kt.. - ISBN 3-89626-481-8 $x200400000000000899 $9124244238 045F $a417.709438 $eDDC23BSB 045F/01 $a417.7 045F/03 $g438 045F/03 $g4385 lok: 39253656 78 exp: 39253656 78 1 #EPN 201B/01 $018-09-18 $t22:50:46.000 201U/01 $0utf8 203@/01 $0788634542 208@/01 $a11-11-16 $be 209A/01 $a/ $f000 $x00 220C/01 $aTitelaufnehmer: gk;tn 220C/01 $aHerkunft: HI Marburg 244Z/01 $2Trx $#Poola $#Lenkija $#Polija $#Polen Land $#Poland $#Lengyelország $#Poľsko $#Polsko $8--Trx--Polska$gkraj $x01 $9391345966 244Z/01 $2Trx $#Silesia $#Śląsk $#Sliezsko $#Slezsko $8--Trx--Schlesien $x02 $9391173987 244Z/01 $#Oberschlesien $#Górny Śla̜sk $#Horní Slezsko $74042978-7 $8--Tg1--Oberschlesien $x03 $9085119679 244Z/01 $aGeschichte 1742-1918 $x04 244Z/01 $2Trx $#keelte poliitika $#kalbinė politika $#language policy $#nyelvpolitika $#polityka językowa $#politika jazyková $#politika jazyková $8--Trx--Sprachenpolitik $x05 $9391368567 244Z/01 $2Trx $#keel, poola $#kalba, lenkų $#Language, Polish $#nyelv, lengyel $#język polski $#jazyk poľský $#jazyk polský $8--Trx--Sprache, polnische $x06 $9391356968 244Z/01 $2Trx $#keel, saksa $#kalba, vokiečių $#Language, German $#nyelv, német $#język niemiecki $#jazyk nemecký $#jazyk německý $8--Trx--Sprache, deutsche $x07 $9391359223 244Z/01 $2Trx $8--Trx--Einzelbeiträge $x08 $9391384570 245Z/01 $a11.07 $x01 247C/01 $82080>Marburg/Lahn, Herder-Institut, Forschungsbibliothek, Bibliographieportal $9336309341
| LEADER | 00000caa a22000002c 4500 | ||
|---|---|---|---|
| 001 | 392536560 | ||
| 003 | DE-603 | ||
| 005 | 20210517203354.0 | ||
| 007 | tu | ||
| 008 | 161111s2004 xx |||| | u00||u|ger c | ||
| 035 | |a (DE-599)HEB392536560 | ||
| 040 | |a DE-603 |b ger |c DE-603 |d DE-603 | ||
| 041 | |a ger | ||
| 082 | 0 | 4 | |8 1\u |a 417.709438 |q DE-101 |2 23/BSB |
| 085 | |8 1\u |b 417.7 | ||
| 085 | |8 1\u |z 2 |s 438 | ||
| 085 | |8 1\u |z 2 |s 4385 | ||
| 100 | 1 | |a Lasatowicz, Maria Katarzyna | |
| 245 | 0 | 0 | |a Preußische Sprachenpolitik in Schlesien |
| 264 | 0 | |c 2004 | |
| 773 | 0 | 8 | |i In |t Kulturraumformung |b 1. Aufl. |d Berlin : Trafo, 2004 |h 241 S., Ill., Kt. |z 3896264818 |g (2004), Seite 101-109 |w (DE-603)124244238 |
| 924 | 0 | |9 2080 |a (DE-603)788634542 |b DE-2080 |c HES |d d |g / | |


